NBA 2k Cover Athletes - Statistics

General Stats
  • This quiz has been taken 1,250 times
  • The average score is 10 of 18
Answer Stats
Hint Answer % Correct
2k14 Lebron James
86%
2k4 Allen Iverson
81%
2k3 Allen Iverson
81%
2k2 Allen Iverson
81%
2k1 Allen Iverson
81%
2k Allen Iverson
81%
2k15 Kevin Durant
75%
2k11 Michael Jordan
75%
2k17 Paul George
74%
2k10 Kobe Bryant
72%
2k7 Shaquille O'neal
59%
2k6 Shaquille O'neal
59%
2k9 Kevin Garnett
48%
2k8 Chris Paul
45%
2k5 Ben Wallace
35%
2k16 Stephen Curry, James Harden, Anthony Davis
7%
2k13 Derrick Rose, Kevin Durant, Blake Griffin
2%
2k12 Michael Jordan, Larry Bird, Magic Johnson
2%
No matching quizzes found
Score Distribution
Percent of People with Each Score
Percentile by Number Answered
Your Score History
You have not taken this quiz